| 000 | 01212nam0a22002651 4500 | ||
|---|---|---|---|
| 001 | rc\4635861 | ||
| 005 | 20260408012917.0 | ||
| 021 |
_aRU _b[63-44880] |
||
| 035 | _a(NLR Aleph) 008682340 | ||
| 090 |
_a9186891 _c9186891 |
||
| 100 | _a20130416d1963 |||y0rusy50 ca | ||
| 101 | 0 | _arus | |
| 102 | _aRU | ||
| 105 | _ay z ||||| | ||
| 200 | 1 |
_aСистема мероприятий по борьбе с филлоксерой _e[Утв. 22/III 1963 г.] _fКрымское обл. упр. производства и заготовок с.-х. продуктов. Гос. инспекция по карантину растений по Крымской обл. |
|
| 210 |
_aСимферополь _cКрымиздат _d1963 |
||
| 215 |
_a20 с. _d20 |
||
| 606 |
_aВиноградная лоза _xБолезни и вредители _2psbo |
||
| 606 |
_aФиллоксера _2psbo |
||
| 712 | 0 | 2 |
_aКрымское областное управление производства и заготовок сельскохозяйственных продуктов _3RU\NLR\AUTH\8810175241 _9846523 |
| 801 | 0 |
_aRU _bNLR _gpsbo |
|
| 801 | 1 |
_aRU _bELAR _2rusmarc |
|
| 852 |
_aNLR _j63-4/10660 |
||
| 942 | _cBOOK | ||
| 980 | _aNB | ||